000
00338nam a22001577a 4500
005
20160621153845.0
008
160621b xxu||||| |||| 00| 0 eng d
041
_a
eng
082
_b
8789
100
_a
Jha,S.M
_9
2418
245
_a
Services Marketing
260
_b
HPH
_c
1997
300
_a
412
650
_a
Management
_9
241
942
_c
BK
999
_c
3421
_d
3420